000 00645nam a2200241Ia 4500
005 20260430150703.0
008 008 250103s9999 xx 000 0 eng d
037 _aTheses
040 _aCRL
040 _beng
040 _ceng
041 _2eng
041 _aeng
084 _qCRL
100 _aSonu Kumar Au.; Singh Indra Narain Gu.
_91238213
245 0 _aEvolving Ethical Paradigms and Moral Values in Ancient India: A Historical Study
260 _c2024
300 _a197p.
650 _aBuddhism
700 _aUniversity of Delhi. Faculty of Arts. Deptt. of Buddhist Studies
942 _cTH
999 _c1850389
_d1850389